[Event "Wch U16 rapid"]
[Site "Batumi"]
[Date "2023.06.08"]
[Round "11"]
[White "Gaybullayev, Sanjar"]
[Black "Brezis, Ari"]
[Result "1/2-1/2"]
[WhiteElo "1780"]
[BlackElo "1516"]
[PlyCount "86"]
[EventDate "2023.06.06"]
[EventType "swiss (rapid)"]
[EventRounds "11"]
[EventCountry "GEO"]
[SourceTitle "EXT 2024"]
[Source "ChessBase"]
[SourceDate "2023.10.10"]
[SourceVersion "1"]
[SourceVersionDate "2023.10.10"]
[SourceQuality "1"]
[WhiteTeam "Turkmenistan"]
[BlackTeam "Israel"]
[WhiteTeamCountry "TKM"]
[BlackTeamCountry "ISR"]

1. d4 Nf6 2. Nf3 d5 3. c4 e6 4. Bg5 Be7 5. Nc3 0-0 6. e3 b6 7. Bd3 Bb7 8. 0-0 Nbd7 9. Qe2 c5 10. Rfd1 cxd4 11. exd4 Re8 12. Rac1 Rc8 13. b3 h6 14. Bh4 Ne4 15. Nxe4 dxe4 16. Bxe4 Bxe4 17. Qxe4 Nf6 18. Qe2 a5 19. Rc2 a4 20. Rcd2 axb3 21. axb3 b5 22. Bxf6 Bxf6 23. Qd3 bxc4 24. bxc4 Qc7 25. Rc2 Red8 26. h3 Qb7 27. d5 exd5 28. cxd5 Rxc2 29. Qxc2 Rxd5 30. Rxd5 Qxd5 31. Qc8+ Kh7 32. Qc2+ g6 33. Qd2 Qf5 34. Qa2 Kg7 35. Qe2 h5 36. Qd2 Qe4 37. Qe1 Qc4 38. Qf1 Qc2 39. Qe1 Qb2 40. Qd2 Qb1+ 41. Kh2 Qb8+ 42. Kg1 Qb1+ 43. Kh2 Qb8+ 1/2-1/2